<?xml version="1.0" encoding="UTF-8"?>
<marc:record xmlns:marc="http://www.loc.gov/MARC21/slim">
   <marc:leader>00000nam a2200000 a 4500</marc:leader>
   <marc:datafield ind1="1" ind2=" " tag="100">
      <marc:subfield code="a">Mandel, Emily St. John</marc:subfield>
      <marc:subfield code="4">aut</marc:subfield>
      <marc:subfield code="e">Verfasser/-in</marc:subfield>
   </marc:datafield>
   <marc:datafield ind1="1" ind2=" " tag="100">
      <marc:subfield code="a">Kuhn, Wibke</marc:subfield>
      <marc:subfield code="4">trl</marc:subfield>
      <marc:subfield code="e">Übersetzer/-in</marc:subfield>
   </marc:datafield>
   <marc:datafield ind1="0" ind2="0" tag="245">
      <marc:subfield code="a">Das Licht der letzten Tage / Station Eleven</marc:subfield>
   </marc:datafield>
   <marc:datafield ind1="0" ind2="0" tag="245">
      <marc:subfield code="b">Roman = Station eleven</marc:subfield>
   </marc:datafield>
   <marc:datafield ind1="0" ind2="0" tag="245">
      <marc:subfield code="c">Emily St. John Mandel ; aus dem Englischen von Wibke Kuhn</marc:subfield>
   </marc:datafield>
   <marc:datafield ind1=" " ind2="1" tag="264">
      <marc:subfield code="a">Berlin</marc:subfield>
      <marc:subfield code="b">Ullstein</marc:subfield>
      <marc:subfield code="c">20</marc:subfield>
   </marc:datafield>
   <marc:datafield ind1=" " ind2=" " tag="250">
      <marc:subfield code="a">Neuausgabe im Ullstein Taschenbuch, 1. Auflage</marc:subfield>
   </marc:datafield>
   <marc:datafield ind1="1" ind2=" " tag="520">
      <marc:subfield code="a">Die Welt ist aus den Fugen # »Die Grippe war damals wie eine Neutronenbombe auf der Erde explodiert, und es folgte eine Schockwelle  die ersten unsäglichen Jahre, als alle sich auf Wanderschaft begaben, bis den Leuten klar wurde, dass es keinen Ort auf der Welt gab, an dem das Leben so weiterging wie zuvor « #Zwanzig Jahre nach dem Kollaps der Zivilisation zieht Kirsten mit einer Schauspieltruppe durch die Landschaften einer verwüsteten Welt. Sie geben Shakespeare-Stücke in den Siedlungen, die seither entstanden sind. Ein Neuanfang scheint endlich möglich. Doch in St. Deborah by the Water, an den Ufern des Lake Michigan, erhebt sich eine ungeahnte Gefahr. Ein gewaltbereiter Prophet bedroht die sprießenden Hoffnungen der Überlebenden auf eine sichere Welt.</marc:subfield>
   </marc:datafield>
   <marc:datafield ind1=" " ind2=" " tag="020">
      <marc:subfield code="a">9783548066592</marc:subfield>
      <marc:subfield code="9">9783548066592</marc:subfield>
   </marc:datafield>
   <marc:datafield ind1=" " ind2=" " tag="041">
      <marc:subfield code="a">ger</marc:subfield>
   </marc:datafield>
   <marc:datafield ind1=" " ind2=" " tag="500">
      <marc:subfield code="a">15,50 &#x80;</marc:subfield>
   </marc:datafield>
   <marc:datafield ind1=" " ind2=" " tag="300">
      <marc:subfield code="a">407 Seiten</marc:subfield>
   </marc:datafield>
</marc:record>
